Obra de arte: total Stalin
Guardado en:
| Autor principal: | |
|---|---|
| Formato: | Libro |
| Lenguaje: | español |
| Publicado: |
Valencia
Pre-Textos
2008
|
| Colección: | Pre-Textos, 966
|
| Materias: | |
| Etiquetas: |
Agregar Etiqueta
Sin Etiquetas, Sea el primero en etiquetar este registro!
|
MARC
| LEADER | 00000cam a2200000 a 4500 | ||
|---|---|---|---|
| 001 | UCF9590 | ||
| 003 | CL-VaPUC | ||
| 008 | 131129e20080000sp |||||||||||||||||spa|d | ||
| 020 | |a 9788481919257 | ||
| 082 | 0 | 4 | |a 701 |b GRO |2 21 |
| 100 | |a Groys, Boris |e author |9 577830 | ||
| 245 | 1 | 0 | |a Obra de arte: total Stalin |
| 246 | 1 | 0 | |a Gesamtkunstwerk Stalin |
| 300 | |a 229 p | ||
| 942 | |c BK | ||
| 945 | |d 20131129 12:34:00 |a dcastane | ||
| 260 | |a Valencia |b Pre-Textos |c 2008 | ||
| 600 | 0 | 7 | |a STALIN, JOSEF |2 CL-VaPUC |9 509370 |
| 650 | 0 | |a Filosofía del arte |9 264951 | |
| 650 | 0 | |a Crítica de arte |9 334590 | |
| 583 | |a last modification |c 20170518 12:50:29 |k Rodrigo Vera | ||
| 490 | 0 | |a Pre-Textos, 966 | |
| 999 | |c 354033 |d 354031 | ||
| 952 | |0 0 |1 0 |3 erb |4 0 |6 701_000000000000000_GRO_2008 |7 0 |8 A |9 459664 |a BIBART |b BIBART |i 5029201 |o 701 GRO 2008 |p 5029201 |r 2025-03-13 |w 2019-11-23 |y BK |z Catalogado en:20131129 |k ART | ||